| 000 | 00894nam a2200229Ii 4500 | ||
|---|---|---|---|
| 003 | JO-AjNU | ||
| 008 | 230605s9999||||xx |||||||||||||| ||und|| | ||
| 017 | _a1977/2127 | ||
| 020 | _a977-246-644-9 | ||
| 040 |
_aJO-AjNU _bara _erda _cJO-AjNU |
||
| 041 | _aara | ||
| 050 | 1 | 4 | _aBP50.B2.1977 |
| 100 | 3 |
_aبخيت،عبد الحميد, _eauthor _916920 |
|
| 245 | 0 | 0 | _aظهور الإسلام وسيادة مبادئه : دراسة محررة للسيرة النبوية والغزوات وكل ما يتعلق بعصر الرسول صلى الله عليه وسلم من تشريعات وسنن كريمة |
| 250 | _aط3 | ||
| 264 | 3 | 1 | _aالقاهرة:دار المعارف بمصر ،1977 |
| 300 | _a319ص | ||
| 336 |
_atext _btxt _2rdacontent |
||
| 337 |
_aunmediated _bn _2rdamedia |
||
| 338 |
_avolume _bnc _2rdacarrier |
||
| 650 | 4 |
_aالاسلام-تاريخ-سيرة نبوية _916921 |
|
| 999 |
_aA5120 _c8688 _d8688 |
||